LEADER 05133nam 22013331 450 001 9910453290603321 005 20210514025229.0 010 $a0-691-16840-7 010 $a1-4008-4816-4 024 7 $a10.1515/9781400848164 035 $a(CKB)2550000001139915 035 $a(EBL)1383484 035 $a(SSID)ssj0001153316 035 $a(PQKBManifestationID)11643578 035 $a(PQKBTitleCode)TC0001153316 035 $a(PQKBWorkID)11150606 035 $a(PQKB)11223519 035 $a(MiAaPQ)EBC1383484 035 $a(StDuBDS)EDZ0000700800 035 $a(OCoLC)862372103 035 $a(MdBmJHUP)muse54649 035 $a(DE-B1597)474170 035 $a(OCoLC)979579322 035 $a(DE-B1597)9781400848164 035 $a(Au-PeEL)EBL1383484 035 $a(CaPaEBR)ebr10791254 035 $a(CaONFJC)MIL539429 035 $a(EXLCZ)992550000001139915 100 $a20131126h20142014 uy 0 101 0 $aeng 135 $aur|n#---|u||u 181 $ctxt 182 $cc 183 $acr 200 10$aBefore and after Muhammad $ethe first millennium refocused /$fGarth Fowden 205 $aCourse Book 210 1$aPrinceton, New Jersey :$cPrinceton University Press,$d[2014] 210 4$d©2014 215 $a1 online resource (245 p.) 300 $aDescription based upon print version of record. 311 $a0-691-15853-3 311 $a1-306-08178-5 320 $aIncludes bibliographical references and index. 327 $tFront matter --$tContents --$tPrefatory Note and Acknowledgments --$tAbbreviations --$tChapter 1. Including Islam --$tChapter 2. Time --$tChapter 3. A New Periodization --$tChapter 4. Space --$tChapter 5. Exegetical Cultures 1 --$tChapter 6. Exegetical Cultures 2 --$tChapter 7. Viewpoints Around 1000 --$tProspects for Further Research --$tIndex 330 $aIslam emerged amid flourishing Christian and Jewish cultures, yet students of Antiquity and the Middle Ages mostly ignore it. Despite intensive study of late Antiquity over the last fifty years, even generous definitions of this period have reached only the eighth century, whereas Islam did not mature sufficiently to compare with Christianity or rabbinic Judaism until the tenth century. Before and After Muhammad suggests a new way of thinking about the historical relationship between the scriptural monotheisms, integrating Islam into European and West Asian history. Garth Fowden identifies the whole of the First Millennium--from Augustus and Christ to the formation of a recognizably Islamic worldview by the time of the philosopher Avicenna--as the proper chronological unit of analysis for understanding the emergence and maturation of the three monotheistic faiths across Eurasia. Fowden proposes not just a chronological expansion of late Antiquity but also an eastward shift in the geographical frame to embrace Iran. In Before and After Muhammad, Fowden looks at Judaism, Christianity, and Islam alongside other important developments in Greek philosophy and Roman law, to reveal how the First Millennium was bound together by diverse exegetical traditions that nurtured communities and often stimulated each other. 606 $aIslam 606 $aReligions 608 $aElectronic books. 610 $aAbbasids. 610 $aAchaemenids. 610 $aAlois Riegl. 610 $aAmerica. 610 $aAristotelianism. 610 $aAristotle. 610 $aAsia. 610 $aBaghdad. 610 $aBasra. 610 $aBrethren of Purity. 610 $aChristian Bible. 610 $aChristian Rome. 610 $aChristianity. 610 $aEast Rome. 610 $aEdward Gibbon. 610 $aEurasia. 610 $aEurasian Hinge. 610 $aEurope. 610 $aFirst Millennium. 610 $aGreece. 610 $aGreek philosophy. 610 $aHenri Pirenne. 610 $aIbn S?n?. 610 $aIran. 610 $aIslam. 610 $aJosef Strzygowski. 610 $aJudaism. 610 $aJustinianic code. 610 $aLatin Europe. 610 $aManicheism. 610 $aMazdaism. 610 $aMediterranean. 610 $aMountain Arena. 610 $aMuhammad. 610 $aNorth America. 610 $aPeter Brown. 610 $aPisa. 610 $aQur'?an. 610 $aRoman law. 610 $aT?s. 610 $aUmayyads. 610 $aarchaeology. 610 $aarchitectural history. 610 $aart. 610 $acommonwealths. 610 $aempires. 610 $aexegesis. 610 $alate Antiquity. 610 $alate antique studies. 610 $amonotheism. 610 $apatristic Christianity. 610 $aphilosophy. 610 $arabbinic Judaism. 610 $asalvation. 610 $atranslation. 615 0$aIslam. 615 0$aReligions. 676 $a297.09 700 $aFowden$b Garth$0442889 801 0$bMiAaPQ 801 1$bMiAaPQ 801 2$bMiAaPQ 906 $aBOOK 912 $a9910453290603321 996 $aBefore and after Muhammad$91399387 997 $aUNINA LEADER 04237nam 2200745 450 001 9910827528503321 005 20230803204629.0 010 $a3-11-037397-1 010 $a3-11-030100-8 024 7 $a10.1515/9783110301007 035 $a(CKB)3710000000229369 035 $a(EBL)990703 035 $a(SSID)ssj0001332817 035 $a(PQKBManifestationID)12596919 035 $a(PQKBTitleCode)TC0001332817 035 $a(PQKBWorkID)11376358 035 $a(PQKB)11031657 035 $a(MiAaPQ)EBC990703 035 $a(DE-B1597)179341 035 $a(OCoLC)885386254 035 $a(OCoLC)890089565 035 $a(DE-B1597)9783110301007 035 $a(Au-PeEL)EBL990703 035 $a(CaPaEBR)ebr11010154 035 $a(CaONFJC)MIL783309 035 $a(EXLCZ)993710000000229369 100 $a20150205h20142014 uy 0 101 0 $ager 135 $aur|n|---||||| 181 $ctxt 182 $cc 183 $acr 200 10$aErfolgreich recherchieren$iWirtschaftswissenschaften /$fTamara Pianos, Nicole Kru?ger 210 1$aBerlin, Germany :$cDe Gruyter Saur,$d2014. 210 4$d©2014 215 $a1 online resource (133 p.) 225 1 $aDe Gruyter Studium,$x2194-3443 300 $aDescription based upon print version of record. 311 $a3-11-030099-0 320 $aIncludes bibliographical references and index. 327 $t Frontmatter -- $tVorwort -- $tInhaltsverzeichnis -- $tBasics der Literaturrecherche -- $t1. Recherche vorbereiten -- $t2. Was suchen? Buch, Aufsatz, Working Paper -- $t3. Wo suchen? Datenbank / Katalog / Suchmaschine -- $t4. Suche durchführen -- $t5. Häufig gestellte Fragen (Basics) -- $t6. Zusammengefasst: Basics für Eilige -- $tAdvanced: Literatur- und Faktenrecherche für angehende Profis -- $t7. (Die wichtigsten) Zeitschriften finden -- $t8. Zitationsanalyse und Forscher-Rankings - Oder: Wer/was wird am häufigsten zitiert? -- $t9. Fachportale und Fachangebote im Netz -- $t10. Dissertationen finden -- $t11. Presseartikel finden -- $t12. Statistiken finden -- $t13. Spezialbibliotheken nutzen -- $t14. Kontakte finden -- $t15. Auf dem Laufenden bleiben -- $t16. Häufig gestellte Fragen (Advanced) -- $t17. Zusammengefasst: Advanced für Eilige -- $tInformationen weiter verarbeiten -- $t18. Literatur bewerten -- $t19. Literatur beschaffen: Der Weg zum Volltext -- $t20. Literaturverwaltung -- $t21. Literatur zitieren -- $tNachwort -- $tRessourcenverzeichnis -- $tSachregister -- $tLiteraturhinweise -- $tAbbildungsnachweise -- $tÜber die Autorinnen 330 $aDer Band Erfolgreich recherchieren - Wirtschaftswissenschaften bietet einen umfassenden Überblick über die Informationsressourcen zu allen Teilgebieten der Wirtschaftswissenschaften. Vorgestellt werden nicht nur die zentralen Rechercheinstrumente wie Bibliothekskataloge, Fachbibliographien, Internetsuchmaschinen, Aufsatzdatenbanken und Nachschlagewerke, sondern auch Strategien für die erfolgreiche Literaturrecherche, die Suche nach statistischem Material und die Bewertung der gefundenen Quellen z.B. mit Hilfe von Rankings. Ein eigener Teil des Buches widmet sich der Weiterverarbeitung der gefundenen Informationen, also der Literaturbeschaffung, der Verwendung von Literaturverwaltungsprogrammen und dem richtigen Zitieren. Ob für das erste Referat oder die Abschlussarbeit - hier bekommen Sie einen kompetenten Leitfaden für die erfolgreiche betriebs- und volkswirtschaftliche Recherche an die Hand. 410 0$aDe Gruyter Studium. 606 $aEconomics$xResearch 606 $aEconomics literature 606 $aEconomics$xInformation resources 610 $aInformation competency. 610 $aeconomics. 610 $ainformation resources. 610 $aresearch. 610 $astudies. 615 0$aEconomics$xResearch. 615 0$aEconomics literature. 615 0$aEconomics$xInformation resources. 676 $a025.06/33 686 $aAK 39500$2rvk 700 $aPianos$b Tamara$01721002 702 $aKru?ger$b Nicole 801 0$bMiAaPQ 801 1$bMiAaPQ 801 2$bMiAaPQ 906 $aBOOK 912 $a9910827528503321 996 $aErfolgreich recherchieren$94120140 997 $aUNINA